| 000 | 00771nam a22002537a 4500 | ||
|---|---|---|---|
| 005 | 20170123162344.0 | ||
| 010 | _a292556 | ||
| 020 | _c12.00 | ||
| 035 | _a292556 | ||
| 037 | _bCen Lib/Ret | ||
| 040 |
_aDPL _bUR |
||
| 082 |
_a844 _bم ح م |
||
| 100 |
_aمحمّد حسین _9129788 |
||
| 245 |
_aنیرنگ خیال / _cمحمّد حسین |
||
| 246 |
_aNirang khyaal / _bby Mohammad Husain |
||
| 260 |
_aدہلی _bمالک آزاد بک ڈپو |
||
| 270 |
_bدہلی _aاردو بازار _e110006 |
||
| 300 |
_a112p. _c17cm(Hb) |
||
| 650 |
_aادب -- اردو _9129789 |
||
| 650 |
_a اردو مضامین _9129790 |
||
| 650 |
_aLiterature -- Urdu _9129791 |
||
| 650 |
_aUrdu essays _9528 |
||
| 942 |
_2ddc _cUR _h844 _mم ح م |
||
| 999 |
_c108739 _d108739 |
||